| 000 | 00899nam a2200277 a 4500 | ||
|---|---|---|---|
| 001 | BRCA_8515 | ||
| 003 | FranzMayer | ||
| 005 | 20230724110330.0 | ||
| 008 | 180816s1788----sp-#######---#000-0#spa-# | ||
| 040 |
_aMFM _bspa _cMFM |
||
| 041 | _aspa | ||
| 044 | _asp | ||
| 084 |
_aBE20 _b.S47 1788 |
||
| 245 | 1 | 0 |
_aSermones del P. Carlos Frey de Neuville predicador de Luis XV, Rey de Francia _ctraducidos del francés por D. Juan Antonio Pellicer. |
| 250 | _a2 | ||
| 260 |
_aMadrid _bPor Don Blas Roman _c1788 |
||
| 300 |
_a[12], 331 p. (t.1) _c21 x 15 cm. |
||
| 500 | _aEstado físico : lomo por desprenderse | ||
| 600 | 1 | 4 |
_aFrey de Neuville, Charles _d1693-1774 _921357 |
| 650 | 1 | 4 |
_aIglesia católica _xSermones _921286 |
| 650 | 1 | 4 |
_aAño litúrgico _xSermones _921358 |
| 650 | 1 | 4 |
_aSermones _ySiglo XVIII _921359 |
| 700 | 1 |
_aPellicer, Juan Antonio _etr. _921360 |
|
| 902 | _aCFM | ||
| 942 |
_2lcc _cB |
||
| 999 |
_c8181 _d8181 |
||